Stranger Things party members - Statistics

General Stats
  • This quiz has been taken 157 times
  • The average score is 8 of 13
Answer Stats
First Letter Answer % Correct
M Mike
89%
D Dustin
78%
E Eleven
77%
L Lucas
74%
W Will
74%
M Max
66%
N Nancy
66%
S Steve
66%
R Robin
56%
J Jonathan
51%
E Erica
48%
E Eddie
41%
A Argyle
26%
No matching quizzes found
Score Distribution
Percent of People with Each Score
Percentile by Number Answered
Your Score History
You have not taken this quiz